Biology / (Record no. 25934)

MARC details
000 -LEADER
fixed length control field 01181cam a22003735a 4500
001 - CONTROL NUMBER
control field 013674594
003 - CONTROL NUMBER IDENTIFIER
control field OSt
005 - DATE AND TIME OF LATEST TRANSACTION
control field 20240818093029.0
006 - FIXED-LENGTH DATA ELEMENTS--ADDITIONAL MATERIAL CHARACTERISTICS--GENERAL INFORMATION
fixed length control field m||||fq||z 00| 0
008 - FIXED-LENGTH DATA ELEMENTS--GENERAL INFORMATION
fixed length control field 050311t2005 cau frbd 001 0 eng d
010 ## -
-- 2001047033
020 ## - INTERNATIONAL STANDARD BOOK NUMBER
International Standard Book Number 9780321269843
020 ## - INTERNATIONAL STANDARD BOOK NUMBER
International Standard Book Number 0321269845
020 ## - INTERNATIONAL STANDARD BOOK NUMBER
International Standard Book Number 0805371729
035 ## - SYSTEM CONTROL NUMBER
System control number (StGlU)b22387705
038 ## -
-- UkLCURL
040 ## - CATALOGING SOURCE
Original cataloging agency DLC
Language of cataloging eng
Transcribing agency DLC
Modifying agency C[hash]P
-- CPaX
-- EG-ScBUE
082 04 - DEWEY DECIMAL CLASSIFICATION NUMBER
Classification number 570
Item number CAM
Edition number 22
100 1# - MAIN ENTRY--PERSONAL NAME
Personal name Campbell, Neil A.,
Dates associated with a name 1946-2004.
245 10 - TITLE STATEMENT
Title Biology /
Statement of responsibility, etc Neil A. Campbell, Jane B. Reece.
250 ## - EDITION STATEMENT
Edition statement 7th ed., International ed.
260 ## -
-- San Francisco, Calif. ;
-- London :
-- Pearson Benjamin Cummings,
-- c.2005.
300 ## - PHYSICAL DESCRIPTION
Extent 1 v. (various pagings) :
Other physical details ill. (col.) ;
Dimensions 28 cm. +
Accompanying material 1 CD-ROM (4 3/4 in.)
336 ## - CONTENT TYPE
Source rdacontent
Content type term text
Content type code txt
337 ## - MEDIA TYPE
Media type term unmediated
Source rdamedia
Media type code n
338 ## - CARRIER TYPE
Carrier type term volume
Carrier type code nc
Source rdacarrier
500 ## - GENERAL NOTE
General note Includes access code for online material.
504 ## - BIBLIOGRAPHY, ETC. NOTE
Bibliography, etc Includes bibliographical references and index.
650 #7 - SUBJECT ADDED ENTRY--TOPICAL TERM
Topical term or geographic name as entry element Biology.
Source of heading or term BUEsh
651 ## - SUBJECT ADDED ENTRY--GEOGRAPHIC NAME
Source of heading or term BUEsh
653 ## - INDEX TERM--UNCONTROLLED
Resource For college Engineering, Chemical
Arrived date list January2018
700 1# - ADDED ENTRY--PERSONAL NAME
Personal name Reece, Jane B.
942 ## - ADDED ENTRY ELEMENTS (KOHA)
Source of classification or shelving scheme Dewey Decimal Classification
Classification part RDA-MOD
Holdings
Withdrawn status Lost status Source of classification or shelving scheme Damaged status Not for loan Home library Current library Shelving location Date acquired Total Checkouts Total Renewals Full call number Barcode Date last seen Date checked out Price effective from Koha item type Materials specified (bound volume or other part)
    Dewey Decimal Classification     Central Library Central Library First floor 14/01/2018 1 6 570 CAM 000042822 10/11/2025 08/10/2025 14/01/2018 Book - Borrowing  
    Dewey Decimal Classification     Central Library Central Library First floor 14/01/2018     570 CAM 000042823 24/08/2022   14/01/2018 CD | DVD - With book Lost In Inventory_2018-08-12